000 00496nam a2200145Ia 4500
008 151213s9999 xx 000 0 und d
100 _aডি. এইচ.লরেন্স।
245 _aলেডি চাটারলীজ লাভার
_cডি. এইচ.লরেন্স।
260 _aঢাকা
_bঅনুপম।
_c1986
300 _a8842 p.
650 _aBangla
650 _aমউপন্যাস।
700 _aডি. এইচ.লরেন্স।
999 _c4627
_d4627